Catálogo
 En Linea

viaje al fondo de Eva : (Registro nro. 55185)

Detalles MARC
000 -CABECERA
campo de control de longitud fija 01038cam a2200289 i 4500
003 - IDENTIFICADOR DEL NÚMERO DE CONTROL
campo de control DO-SdBNP
005 - FECHA Y HORA DE LA ÚLTIMA TRANSACCIÓN
campo de control 20231017150805.0
007 - CAMPO FIJO DE DESCRIPCIÓN FÍSICA--INFORMACIÓN GENERAL
campo de control de longitud fija ta
008 - DATOS DE LONGITUD FIJA--INFORMACIÓN GENERAL
campo de control de longitud fija 751003s2013 gt 000 0 spa d
020 ## - NÚMERO INTERNACIONAL ESTÁNDAR DEL LIBRO
Número Internacional Estándar del Libro 9789929559387
040 ## - FUENTE DE LA CATALOGACIÓN
Centro catalogador/agencia de origen DO-SdBNP
Lengua de catalogación spa
Centro/agencia transcriptor BNPHU
Normas de descripción rda
082 #4 - NÚMERO DE LA CLASIFICACIÓN DECIMAL DEWEY
Número de documento/Ítem G241
Número de edición 22
Número de clasificación 808.84
100 1# - ENTRADA PRINCIPAL--NOMBRE DE PERSONA
Nombre de persona Garrido, Rony E.
Fechas asociadas al nombre 1964-
9 (RLIN) 84496
245 10 - MENCIÓN DE TÍTULO
Título viaje al fondo de Eva :
Resto del título la poesía como autosicoanálisis y re-encuentro con la ilusión en Eva sin Dios, de Luz Méndez de la Vega /
Mención de responsabilidad, etc. Rony E. Garrido
264 #1 - PRODUCCIÓN, PUBLICACIÓN, DISTRIBUCIÓN, FABRICACIÓN Y COPYRIGHT
Producción, publicación, distribución, fabricación y copyright Guatemala :
Nombre del de productor, editor, distribuidor, fabricante Ministerio de Cultura y Deportes,
-- Cultura,
Fecha de producción, publicación, distribución, fabricación o copyright 2013.
300 ## - DESCRIPCIÓN FÍSICA
Extensión 105 páginas
Dimensiones 21 cm.
336 ## - TIPO DE CONTENIDO
Fuente rdacontent
Término de tipo de contenido texto
Código de tipo de contenido txt
337 ## - TIPO DE MEDIO
Fuente rdamedia
Nombre/término del tipo de medio sin mediación
Código del tipo de medio n
338 ## - TIPO DE SOPORTE
Fuente rdacarrier
Nombre/término del tipo de soporte volumen
Código del tipo de soporte nc
490 1# - MENCIÓN DE SERIE
Mención de serie Ensayo
-- Luis Cardoza y Aragón
Designación de volumen o secuencia 53
500 ## - NOTA GENERAL
Nota general Incluye datos biografícos del autor en las solapas.
590 ## - NOTA LOCAL (RLIN)
Nota local Inventariado, 2023/ YL
650 #4 - PUNTO DE ACCESO ADICIONAL DE MATERIA--TÉRMINO DE MATERIA
Término de materia o nombre geográfico como elemento de entrada Literatura Guatemalteca
9 (RLIN) 5393
650 #4 - PUNTO DE ACCESO ADICIONAL DE MATERIA--TÉRMINO DE MATERIA
Término de materia o nombre geográfico como elemento de entrada Ensayo Guatemalteca
9 (RLIN) 14068
910 ## - DATOS DE OPCIÓN DEL USUARIO (OCLC)
Datos de opción del usuario Ylockward
942 ## - ELEMENTOS DE PUNTO DE ACCESO ADICIONAL (KOHA)
Fuente del sistema de clasificación o colocación Dewey Decimal Classification
Tipo de ítem Koha Libro
Existencias
Estado de retiro Estado de pérdida Fuente del sistema de clasificación o colocación Restricciones de uso No para préstamo Código de colección Localización permanente Ubicación/localización actual Ubicación en estantería Fecha de adquisición Fuente de adquisición Total de préstamos Signatura topográfica completa Código de barras Fecha visto por última vez Precio válido a partir de Tipo de ítem Koha Número de copia
    Dewey Decimal Classification Préstamo en sala   General Biblioteca Nacional Pedro Henríquez Ureña Biblioteca Nacional Pedro Henríquez Ureña En catalogación 19.04.2018 Biblioteca Nacional de Guatemala   BNPHU GR G241 808.84 2023-6999 17.10.2023 17.10.2023 Libro  
    Dewey Decimal Classification Préstamo en sala   General Biblioteca Nacional Pedro Henríquez Ureña Biblioteca Nacional Pedro Henríquez Ureña En catalogación 19.04.2018 Biblioteca Nacional de Guatemala   BNPHU GR G241 808.84 2023-7000 17.10.2023 17.10.2023 Libro e. 2

Con tecnología Koha